[Event "Cheliabinsk"]
[Site "Cheliabinsk"]
[Date "1991.??.??"]
[Round "?"]
[White "Sherbakov, Ruslan"]
[Black "Masternak, Grzegorz"]
[Result "1-0"]
[WhiteElo "2505"]
[BlackElo "2320"]

1.d4 d5 2.c4 Nc6 3.Nf3 Bg4 4.cxd5 Bxf3 5.gxf3 Qxd5 6.e3 e5 7.Nc3 Bb4 8.Bd2 Bxc3
9.bxc3 Qd6 10.Rb1 O-O-O 11.Qb3 b6 12.Bh3+ Kb8 13.O-O Nh6 14.Kh1 g5 15.Rg1 Rhg8
16.Qc2 f5 17.Bxf5 Nxf5 18.Qxf5 Rdf8 19.Qe4 Qf6 20.Rg3 h5 21.Rbg1 h4 22.R3g2 Re8
23.d5 Nd8 24.c4 Nf7 25.Bb4 Nd6 26.Bxd6 cxd6 27.a4 Ref8 28.a5 Qxf3 29.Qxf3 Rxf3
30.a6 Rf5 31.Rg4 Rxf2 32.Rxg5 Rxg5 33.Rxg5 Rf3 34.Rg8+ Kc7 35.Rg7+ Kc8 36.Rg8+ Kc7
37.Rg7+ Kc8 38.Rxa7 Rxe3 39.Rh7 h3 40.Kg1 Kb8 41.Kf2 Rc3 42.Rb7+ Ka8 43.Rxb6 Rxc4
44.Kg3 Rc3+ 45.Kg4 Ka7 46.Rxd6 Rd3 47.Re6 e4 48.Kh4 Rc3 49.Rxe4 Kxa6 50.Rb4 Rd3
51.Kg4 Ka5 52.Rb2 Ka6 53.Rb1 Ka5 54.d6 Ka4 55.d7 Rxd7 56.Kxh3 Rd8 57.Kg4 Rg8+
58.Kf5 Rf8+ 59.Kg5 Rg8+ 60.Kf6 Rh8 61.Rh1 Rh3 62.Kg5 Kb5 63.Kg4 Rh8 64.h4  1-0

[Event "Cordoba op"]
[Site "Cordoba"]
[Date "1991.??.??"]
[Round "?"]
[White "Urday, Henry"]
[Black "Plesec, Damjan"]
[Result "1-0"]
[WhiteElo "2480"]
[BlackElo "2335"]

1.d4 d5 2.c4 Nc6 3.Nf3 Bg4 4.cxd5 Bxf3 5.gxf3 Qxd5 6.e3 e6 7.Nc3 Qh5 8.Bd2 Bd6
9.Be2 Nf6 10.f4 Qf5 11.Bf3 Nb4 12.e4 Nd3+ 13.Kf1 Qh3+ 14.Bg2 Qh4 15.Qf3 Ng4
16.Nd1 Nxh2+ 17.Rxh2 Qxh2 18.e5 Bb4 19.Qxd3 Bxd2 20.Bxb7 Qxf4 21.Bxa8 O-O
22.Ke2 Ba5 23.Be4 Re8 24.Qe3 Bd2 25.Qxd2  1-0

[Event "FRA-chT"]
[Site "FRA"]
[Date "1991.??.??"]
[Round "?"]
[White "Neidhardt, Claus Ulrich"]
[Black "Dubois, Jean Marie"]
[Result "1-0"]
[WhiteElo "2325"]
[BlackElo "2285"]

1.d4 d5 2.c4 Nc6 3.Nc3 Nf6 4.Bg5 Ne4 5.Nxe4 dxe4 6.d5 e6 7.Bxd8 Bb4+ 8.Qd2 Bxd2+
9.Kxd2 Nxd8 10.e3 b6 11.Ne2 exd5 12.cxd5 c6 13.Nc3 cxd5 14.Bb5+ Bd7 15.Bxd7+ Kxd7
16.Nxd5 Re8 17.Rhd1 Re6 18.Ke2 Rd6 19.Nc3 f5 20.Nb5 Rxd1 21.Rxd1+ Ke7 22.Rc1 Ne6
23.Rc6 Rd8 24.Nxa7 Ra8 25.Nc8+ Kd7 26.Rd6+ Kxc8 27.Rxe6 Rxa2 28.Rxb6 Ra1
29.g4 fxg4 30.Rb4 Rb1 31.Rxe4 Rxb2+ 32.Kf1 Kd7 33.Rxg4 g6 34.Rh4 h5 35.Re4 Rb5
36.h4 Ra5 37.Kg2 Rb5 38.Kf3 Ra5 39.Kg3 Rb5 40.f3 Ra5 41.f4 Ra1 42.Re5 Rg1+
43.Kf3 Rg4 44.Rg5 Rxh4 45.Rxg6 Ke7 46.Kg2 Kf7 47.Rg3 Kf6 48.Rh3 Rg4+ 49.Kf3 Rg1
50.Rxh5 Rf1+ 51.Ke4 Ra1 52.Rh6+ Kf7 53.Rb6 Ra4+ 54.Kf3 Ra3 55.Rc6 Ke7 56.f5 Kf7
57.Kf4 Ra1 58.e4 Ra4 59.f6 Ra5 60.e5 Ra1 61.Rc7+  1-0

[Event "Gelsenkirchen"]
[Site "Gelsenkirchen"]
[Date "1991.??.??"]
[Round "?"]
[White "Blasek, Ralph"]
[Black "Baumhus, Reinhard"]
[Result "1-0"]
[WhiteElo "2330"]
[BlackElo "2405"]

1.d4 d5 2.c4 Nc6 3.Nc3 dxc4 4.Nf3 Nf6 5.e3 e5 6.Bxc4 exd4 7.exd4 Be7 8.Bf4 O-O
9.O-O Nh5 10.Be3 Bd6 11.Qd2 Bf5 12.Rfe1 Nb4 13.Bg5 Qd7 14.Ne4 Rfe8 15.Nxd6 Qxd6
16.Rxe8+ Rxe8 17.Re1 Be4 18.Bxf7+ Kxf7 19.Ne5+ Rxe5 20.dxe5 Qxd2 21.Bxd2 Bd5
22.Bxb4 Nf4 23.Bc3 Nxg2 24.e6+ Ke7 25.Bb4+ Ke8 26.Re5 Nf4 27.Bd2 Nh3+ 28.Kf1 c6
29.Rxd5 cxd5 30.Kg2 Nxf2 31.Kxf2 Ke7 32.Ke3 Kxe6 33.Bc3 g5 34.Kd4 h5 35.Bd2 g4
36.Bg5 a6 37.Bh4  1-0

[Event "Gelsenkirchen"]
[Site "Gelsenkirchen"]
[Date "1991.??.??"]
[Round "?"]
[White "Costa, Jean Luc"]
[Black "Baumhus, Reinhard"]
[Result "1-0"]
[WhiteElo "2405"]
[BlackElo "2405"]

1.d4 d5 2.c4 Nc6 3.cxd5 Qxd5 4.e3 e5 5.Nc3 Bb4 6.Bd2 Bxc3 7.Bxc3 exd4 8.Ne2 Nf6
9.Nxd4 Ne4 10.Nb5 Qxd1+ 11.Rxd1 O-O 12.Nxc7 Nxc3 13.bxc3 Bg4 14.Nxa8 Bxd1
15.Kxd1 Rxa8 16.Be2 Kf8 17.Kc2 Ke7 18.Rb1 b6 19.Bf3 Rc8 20.Rb5 f6 21.Bxc6 Rxc6
22.Rd5 Ke6 23.e4 g6 24.g4 Rc4 25.f3 g5 26.Kb3 Rc7 27.h4 gxh4 28.Rh5 Rc5 29.Rxh4 Rb5+
30.Kc4 Ra5 31.Kd4 Rxa2 32.Rxh7 Rd2+ 33.Ke3 Rc2 34.Rxa7 Rxc3+ 35.Kf4 Rb3 36.Rb7  1-0

[Event "Gelsenkirchen"]
[Site "Gelsenkirchen"]
[Date "1991.??.??"]
[Round "?"]
[White "Kishnev, Sergey"]
[Black "Baumhus, Reinhard"]
[Result "1-0"]
[WhiteElo "2520"]
[BlackElo "2405"]

1.d4 d5 2.c4 Nc6 3.Nc3 dxc4 4.Nf3 Nf6 5.e4 Bg4 6.Be3 Bxf3 7.gxf3 e5 8.d5 Nb8
9.f4 Bd6 10.fxe5 Bxe5 11.Bg2 Qd6 12.Qa4+ Nbd7 13.Nb5 Qa6 14.Qb4 Bd6 15.Qxc4 O-O
16.Nxd6 Qxd6 17.O-O-O Rfe8 18.f3 Ne5 19.Qc3 Ng6 20.Bf1 a6 21.Rd2 Nf4 22.Bc5 Qd8
23.Rg1 N6h5 24.Bd4 f6 25.Rc2 Rc8 26.Qb3 Kh8 27.Qxb7 f5 28.Bxa6 Ra8 29.Rxc7 Ne6
30.Rcxg7 Qc8+ 31.Kb1 Nhxg7 32.Bxg7+ Kg8 33.Be5+  1-0

[Event "NRW-Baden"]
[Site "Germany"]
[Date "1991.??.??"]
[Round "?"]
[White "Gerstner, Wolfgang"]
[Black "Baumhus, Reinhard"]
[Result "0-1"]
[WhiteElo "2385"]
[BlackElo "2405"]

1.d4 d5 2.c4 Nc6 3.Nc3 dxc4 4.e3 e5 5.d5 Nce7 6.Bxc4 Ng6 7.Qb3 Bd6 8.Bb5+ Kf8
9.e4 Nf6 10.Nge2 Nh5 11.g3 Bh3 12.Bd3 b6 13.Nd1 Nf6 14.Ne3 h5 15.Bd2 Nd7
16.Qc3 Nc5 17.Bc2 a5 18.a3 a4 19.Rg1 Qf6 20.Nc4 Bg4 21.Nxd6 cxd6 22.h4 Qf3
23.Qxf3 Bxf3 24.Nc3 f5 25.exf5 Ne7 26.Bg5 Kf7 27.Be3 Rhc8 28.Rc1 e4 29.Kd2 Nxf5
30.Nb5 Ra5 31.Nd4 Ne7 32.Nxf3 exf3 33.Bxc5 Raxc5 34.Be4 Nxd5 35.Bxf3 Nf6
36.Rc3 Ke6 37.Rgc1 d5 38.Rxc5 bxc5 39.Bd1 Rb8 40.Bxa4 Rxb2+ 41.Rc2 Ne4+ 42.Ke3 Rb8
43.f3 Nxg3 44.Kf4 Nf5 45.Rxc5 Nd4 46.Ra5 Rf8+ 47.Kg5 Rxf3 48.Kxh5 Rg3 49.Ra6+ Ke5
50.Bd7 Nf5 51.a4 Rg1 52.Bxf5 Kxf5 53.a5 Rg4 54.Rd6  0-1

[Event "Regionalliga NordN"]
[Site "Germany"]
[Date "1991.??.??"]
[Round "?"]
[White "Schoene, Ralf"]
[Black "Menzel, Ralf"]
[Result "1/2-1/2"]
[WhiteElo "2355"]
[BlackElo "2230"]

1.d4 d5 2.c4 Nc6 3.Nc3 dxc4 4.Nf3 Nf6 5.d5 Nb8 6.e4 e6 7.Bxc4 exd5 8.exd5 Be7
9.O-O O-O 10.Bf4 a6 11.a4 Nbd7 12.Rc1 Nb6 13.Ba2 Bg4 14.Qd4 Bxf3 15.gxf3 Re8
16.a5 c5 17.Qd2 Nc8 18.Na4 Nh5 19.Bg3 Nxg3 20.fxg3 Qd7 21.Nxc5 Qb5 22.Ne4 Nd6
23.Bb1 Rac8 24.Qd3 Qxd3 25.Bxd3 Nxe4 26.Bxe4 Bd6 27.Bf5 Rc5 28.Rxc5 Bxc5+
29.Kh1 Bb4 30.Rc1 Re1+ 31.Rxe1 Bxe1 32.Bc8 Bxa5 33.Bxb7 Kf8 34.Bxa6 Ke7 35.Bc4 Kd6
36.Kg2 Kc5 37.b3 f6 38.f4 Bb4 39.Kf3 Kd4 40.d6 Bxd6 41.Bg8 h6 42.h4 g5 43.Be6 Bb4
44.Kg4 Be1 45.h5 Ke4 46.Bd7 Kd5 47.fxg5 fxg5 48.Kf5 Bxg3 49.Kg6 g4 50.Kxh6 Bf4+
51.Kg6 g3 52.Bh3 Kc5  1/2-1/2

[Event "Gyor-J"]
[Site "Gyor"]
[Date "1991.??.??"]
[Round "?"]
[White "Koczka, Zsolt"]
[Black "Lorenz, Robin"]
[Result "1-0"]
[WhiteElo "2260"]
[BlackElo "2235"]

1.d4 d5 2.c4 Nc6 3.Nc3 Nf6 4.Nf3 dxc4 5.e4 Bg4 6.Be3 e5 7.d5 Ne7 8.Bxc4 Ng6
9.Qa4+ Nd7 10.Ng5 Bd6 11.h3 Nh4 12.Rg1 h6 13.Ne6 Bxe6 14.dxe6 fxe6 15.Bxe6 Qe7
16.Bxd7+ Qxd7 17.Qxd7+ Kxd7 18.Ke2 Rhd8 19.g3 Ng6 20.Rgd1 a6 21.Rac1 Ke6
22.Nd5 Rd7 23.f4 exf4 24.gxf4 Ne7 25.f5+ Ke5 26.Kf3 Nxf5 27.Bf4+ Ke6 28.exf5+ Kxf5
29.Bxd6 Rxd6 30.Rxc7 Rf8 31.Ne3+ Kg6+ 32.Ke2 Rb6 33.b3 Rbf6 34.Rg1+ Kh5 35.Rgxg7 Rf2+
36.Kd3 Rxa2 37.Rc5+ Kh4 38.Rg4+  1-0

[Event "Moscow6"]
[Site "Moscow"]
[Date "1991.??.??"]
[Round "?"]
[White "Ageichenko, Genadi A"]
[Black "Maljutin, Evgeni"]
[Result "1/2-1/2"]
[WhiteElo "2340"]
[BlackElo "2435"]

1.d4 d5 2.c4 Nc6 3.Nc3 dxc4 4.d5 Ne5 5.Qd4 Ng6 6.Nf3 a6 7.a4 Nf6 8.Bg5 h6
9.Bxf6 exf6 10.g3 h5 11.h4 Bg4 12.Bg2 Bxf3 13.exf3 Qe7+ 14.Kf1 Qb4 15.f4 Bd6
16.Re1+ Ne7 17.Ne4 Rd8 18.Bf3 Kf8 19.Nxd6 Qxd6 20.Qxc4 g6 21.Rc1 Rd7 22.Kg2 Kg7
23.Rhd1 Qb6 24.b4 a5 25.Rb1 Rb8 26.Qc5 axb4 27.Qxb6 cxb6 28.Rxb4 Nc8 29.f5 Ra8
30.fxg6 fxg6 31.Re1 Ra5 32.Re6 Kf7 33.Rf4 f5 34.Rb4 Re7 35.Kf1 Rc5 36.Rxe7+ Kxe7
37.d6+ Nxd6 38.Rxb6 Kd7 39.Rb1 b5 40.axb5 Rxb5 41.Re1 Nc4 42.Kg2 Re5 43.Ra1 Ke7
44.Ra7+ Kf6 45.Bd1 Ra5 46.Rxa5 Nxa5 47.Kf3 Nc4 48.Be2 Nd6 49.Ke3 Ke5 50.Bd3 Ne8
51.Bc4 Nd6 52.f4+ Kf6 53.Bd5 Ke7 54.Kd4 Kf6 55.Bc6 Nf7  1/2-1/2

[Event "Russian Winter op"]
[Site "Moscow"]
[Date "1991.??.??"]
[Round "?"]
[White "Shashin, Alexsander A"]
[Black "Arkhangelsky, Mikhail"]
[Result "1/2-1/2"]
[WhiteElo "2385"]
[BlackElo "2255"]

1.d4 d5 2.c4 Nc6 3.Nf3 Bg4 4.cxd5 Bxf3 5.gxf3 Qxd5 6.e3 e6 7.Nc3 Qh5 8.f4 Qxd1+
9.Kxd1 Nf6 10.Bg2 O-O-O 11.Ke2 Ne7 12.Bd2 Nf5 13.Rhc1 Kb8 14.Rab1 h6 15.Rg1 g5
16.fxg5 hxg5 17.h3  1/2-1/2

[Event "Manhattan op"]
[Site "New York"]
[Date "1991.??.??"]
[Round "?"]
[White "Vucic, Mladen"]
[Black "Agrest, Evgenij"]
[Result "1-0"]
[WhiteElo "2380"]
[BlackElo "2475"]

1.d4 d5 2.c4 Nc6 3.e3 e6 4.Nf3 Nf6 5.Nc3 a6 6.Qc2 Bd6 7.a3 O-O 8.e4 dxe4
9.Nxe4 Be7 10.Be3 Ng4 11.g3 f5 12.Nc3 e5 13.dxe5 Ncxe5 14.Nxe5 Nxe5 15.Be2 c6
16.f4 Ng4 17.Bxg4 fxg4 18.O-O Bf5 19.Qf2 Qe8 20.Rfe1 Qf7 21.Bc5 Rfe8 22.Bxe7 Rxe7
23.Rxe7 Qxe7 24.Re1 Qd6 25.c5 Qd7 26.Qe3 Rd8 27.Kf2 Qd2+ 28.Qxd2 Rxd2+ 29.Re2 Rxe2+
30.Nxe2 Kf7 31.Nd4 Be6 32.Ke3 g6 33.Kd3 Bf5+ 34.Kc3 Ke7 35.Nb3 Kd7 36.Na5 Kc7
37.Nc4 Be6 38.Nd6 b6 39.Ne8+ Kb7 40.Kd4 bxc5+ 41.Kxc5 Bf5 42.b4 h6 43.a4 a5
44.Nd6+  1-0

[Event "Paris-ch"]
[Site "Paris"]
[Date "1991.??.??"]
[Round "5"]
[White "Bouchaud, Vincent"]
[Black "Chaplin, Erik"]
[Result "0-1"]
[WhiteElo "2100"]
[BlackElo "2265"]

1.d4 d5 2.c4 Nc6 3.Nf3 Bg4 4.Qa4 Bxf3 5.exf3 e6 6.Nc3 dxc4 7.Be3 Bb4 8.Bxc4 Ne7
9.O-O a6 10.Qb3 Bxc3 11.bxc3 Na5 12.Qa4+ c6 13.Be2 b5 14.Qc2 Qd5 15.f4 O-O
16.Bf3 Qd6 17.Be4 g6 18.a4 Nd5 19.g3 Nc4 20.Rfe1 Ndb6 21.axb5 axb5 22.h4 Nd5
23.Rxa8 Rxa8 24.Bc1 Qd8 25.h5 Kg7 26.hxg6 hxg6 27.Kg2 Qa5 28.g4 Qxc3 29.Qxc3 Nxc3
30.Bxc6 Rd8 31.Be3 b4 32.Rc1 Rd6 33.Bf3 f5 34.g5 Rb6 35.Bd1 Nxd1 36.Rxc4 b3
37.Rc7+ Kf8 38.Rc8+ Ke7 39.Bc1 b2 40.Bxb2 Rxb2 41.Rc7+ Kd6 42.Rg7 Rxf2+ 43.Kg3 Rf1
44.Rxg6 Ne3 45.Rg8 Nd5 46.g6 Rxf4 47.g7 Rg4+ 48.Kf3 Ke7 49.Ra8 Rxg7 50.Ra7+ Kf6
51.Ra6 Rb7 52.Ke2 Rb2+  0-1

[Event "Paris-ch"]
[Site "Paris"]
[Date "1991.??.??"]
[Round "8"]
[White "Thorsteins, Karl"]
[Black "Chaplin, Erik"]
[Result "1-0"]
[WhiteElo "2480"]
[BlackElo "2265"]

1.d4 d5 2.c4 Nc6 3.Nf3 Bg4 4.Nc3 e6 5.Bf4 Nf6 6.e3 Bb4 7.Rc1 Ne4 8.cxd5 Qxd5
9.Bd3 O-O-O 10.O-O Bxc3 11.bxc3 f5 12.Qc2 Bxf3 13.gxf3 Nf6 14.e4 fxe4 15.fxe4 Qd7
16.Rb1 e5 17.Bg3 Nh5 18.Qa4 Rdf8 19.d5 Nd8 20.Qxa7  1-0

[Event "Belavenets mem op"]
[Site "Smolensk"]
[Date "1991.??.??"]
[Round "?"]
[White "Donchenko, Anatoly G"]
[Black "Maljutin, Evgeni"]
[Result "1-0"]
[WhiteElo "2370"]
[BlackElo "2435"]

1.d4 d5 2.c4 Nc6 3.e3 e5 4.dxe5 d4 5.exd4 Qxd4 6.Qxd4 Nxd4 7.Bd3 Bg4 8.Nc3 O-O-O
9.Be3 Nc6 10.Be2 Nxe5 11.Nf3 Bxf3 12.gxf3 Nd3+ 13.Bxd3 Rxd3 14.Nd5 Ne7 15.Ke2 Rxd5
16.cxd5 Nxd5 17.Rhd1 Nb4 18.Bxa7 b6 19.Bxb6 cxb6 20.Rac1+ Bc5 21.a3 Re8+
22.Kf1 Na6 23.b4 Re6 24.bxc5 Nxc5 25.a4 Kb7 26.a5 Ka6 27.axb6 Kxb6 28.Rd5 Nb7
29.Rd4 Rc6 30.Rcd1 Rf6 31.Kg2 Kc6 32.Rc1+ Nc5 33.Rg4 Rg6 34.h4 Kd6 35.h5 Rxg4+
36.fxg4 Ne6 37.Kg3 Ke7 38.f4 h6 39.Rc6 Kd7 40.Ra6 Ke7 41.Kf3 Nf8 42.Ke4 Ne6
43.Kf5 Nd4+ 44.Ke5 Ne6 45.Ra7+ Kf8 46.f5 Ng5 47.Ra8+ Ke7 48.f6+ gxf6+ 49.Kf5 Nh3
50.Ra7+ Ke8 51.Kxf6 Nf2 52.Ra8+ Kd7 53.Ra4  1-0

[Event "Torcy op-B"]
[Site "Torcy"]
[Date "1991.??.??"]
[Round "?"]
[White "Camaly, P."]
[Black "Bouillot, Serge"]
[Result "1/2-1/2"]
[WhiteElo "2040"]
[BlackElo "1930"]

1.d4 d5 2.c4 Nc6 3.Nf3 Bg4 4.cxd5 Bxf3 5.gxf3 Qxd5 6.Be3 e5 7.Nc3 Bb4 8.dxe5 Qa5
9.Qb3 Qxe5 10.Rd1 Nge7 11.Bh3 O-O 12.O-O  1/2-1/2

[Event "Vienna op"]
[Site "Vienna"]
[Date "1991.??.??"]
[Round "9"]
[White "Klebel, Martin"]
[Black "Grabher, Heinz"]
[Result "1-0"]
[WhiteElo "2435"]
[BlackElo "2245"]

1.d4 d5 2.c4 Nc6 3.Nc3 dxc4 4.Nf3 Nf6 5.d5 Na5 6.Qa4+ c6 7.b4 b5 8.Qxa5 Qxa5
9.bxa5 b4 10.dxc6 bxc3 11.e3 Ba6 12.Ba3 e6 13.Bxf8 Rxf8 14.Ne5 Ke7 15.O-O-O Rfc8
16.g4 Rd8 17.Bg2 Nd5 18.c7 Rd6 19.Rd4 Rc8 20.Nxc4 Bxc4 21.Rxc4 Kd7 22.Rd1 Nxc7
23.Bb7 Rb8 24.a6 Rxd1+ 25.Kxd1 Nd5 26.e4 Nb6 27.Rxc3 Rd8 28.Ke2 Ke7 29.Ke3 e5
30.g5 Rd4 31.Rc7+ Rd7 32.Rc5 Kd6 33.Rc6+ Ke7 34.f4 exf4+ 35.Kxf4 Rd6 36.Rc7+ Rd7
37.Rc5 f6 38.h4 Rd1 39.Rc7+ Rd7 40.gxf6+ gxf6 41.Rc5 Kf7 42.Kf5 Ke7 43.Rc6 Rd6
44.Rxd6 Kxd6 45.Kxf6 Nd7+ 46.Kg7 Ke5 47.Kxh7 Kf6 48.h5 Ne5 49.h6 Nf7 50.Bd5 Ng5+
51.Kg8 Kg6 52.e5 Kxh6 53.e6  1-0

[Event "Aarhus-A"]
[Site "Aarhus"]
[Date "1992.??.??"]
[Round "6"]
[White "Jakobsen, Peter"]
[Black "Sobjerg, Erik"]
[Result "1-0"]
[WhiteElo "2250"]
[BlackElo "2320"]

1.d4 d5 2.c4 Nc6 3.Nc3 Nf6 4.Nf3 Bg4 5.cxd5 Nxd5 6.e4 Nxc3 7.bxc3 e5 8.d5 Nb8
9.Qa4+ Nd7 10.Nxe5 Qf6 11.Be2 b5 12.Qxb5 Rb8 13.Qa4 Bb4 14.O-O Qxe5 15.Bxg4 O-O
16.Be3 Nf6 17.Bd4 Qf4 18.Bxf6 Bd6 19.g3 Qxg4 20.Bd4 Qxe4 21.Rad1 Rfe8 22.c4 h5
23.Qd7 h4 24.c5 Be5 25.Rfe1 Qf3 26.Bxe5 Rxe5 27.Rxe5 Qxd1+ 28.Kg2 f6 29.Re8+ Rxe8
30.Qxe8+ Kh7 31.Qe4+ Kg8 32.Qe6+ Kf8 33.gxh4 Qd4 34.c6 Qxh4 35.Qc8+ Kf7 36.Qxc7+ Kf8
37.Qd6+ Kf7 38.Qe6+ Kf8 39.c7 Qg5+ 40.Kf3 Qh5+ 41.Ke3 Qg5+ 42.Kd3  1-0

[Event "Auckland"]
[Site "Auckland"]
[Date "1992.??.??"]
[Round "6"]
[White "Sarfati, Jonathan D"]
[Black "Sarapu, Ortvin"]
[Result "1-0"]
[WhiteElo "2305"]
[BlackElo "2350"]

1.d4 d5 2.c4 Nc6 3.Nc3 e6 4.Nf3 Nf6 5.Bg5 Be7 6.e3 O-O 7.Rc1 Ne4 8.Bxe7 Nxe7
9.Qc2 Nxc3 10.Qxc3 c6 11.Bd3 dxc4 12.Bxc4 Nd5 13.Qd2 f5 14.O-O Bd7 15.Ne5 Qe7
16.b4 a6 17.a4 Be8 18.Rb1 Kh8 19.Bxd5 exd5 20.f4 c5 21.dxc5 Bxa4 22.Qxd5 Rf6
23.Qa2 Bc6 24.Rbd1 Re6 25.Rd6 Rxe5 26.fxe5 Qxe5 27.Qd2 h6 28.Qd4 Qe4 29.Rxh6+ Kg8
30.Rg6 Qxd4 31.exd4 Re8 32.Kf2 Re4 33.Rd1 Bb5 34.Rd2 Kf7 35.Rg3 f4 36.Rg5 Kf6
37.Re5 Rxe5 38.dxe5+ Kxe5 39.Kf3 Bc6+ 40.Kg4 Ke4 41.Rf2 Ke3 42.Rxf4 Bxg2
43.h4 Bd5 44.Kg5  1-0

[Event "Bad Woerishofen op"]
[Site "Bad Woerishofen"]
[Date "1992.??.??"]
[Round "7"]
[White "Chuchelov, Vladimir"]
[Black "Hermann, Manfred"]
[Result "1/2-1/2"]
[WhiteElo "2490"]
[BlackElo "2405"]

1.d4 d5 2.c4 Nc6 3.Nc3 Nf6 4.Nf3 Bg4 5.e3 e6 6.Be2 dxc4 7.Bxc4 a6 8.h3 Bh5
9.Be2 Bd6 10.a3 O-O 11.e4 Bxf3 12.Bxf3 e5 13.d5 Nd4 14.g3 Bc5 15.Bg2 c6 16.O-O cxd5
17.exd5 Nf5 18.Kh2 Re8 19.Qd3 Nd6 20.Bd2 e4 21.Qe2 Bd4 22.Rad1 Rc8 23.Be1 Ba7
24.Bd2 Bd4 25.Be1 Ba7 26.Bd2 Bd4  1/2-1/2

[Event "Spring op"]
[Site "Budapest"]
[Date "1992.??.??"]
[Round "?"]
[White "Korpics, Zsolt"]
[Black "Maljutin, Evgeni"]
[Result "1-0"]
[WhiteElo "2260"]
[BlackElo "2465"]

1.d4 d5 2.c4 Nc6 3.Nf3 Bg4 4.cxd5 Bxf3 5.dxc6 Bxc6 6.Nc3 Nf6 7.f3 e5 8.dxe5 Nd7
9.e4 Nxe5 10.Be3 Bb4 11.Qc2 Qh4+ 12.Bf2 Qg5 13.a3 Bxc3+ 14.Qxc3 O-O-O 15.Bg3 Nd7
16.b4 Nb6 17.b5 Na4 18.Qc1 Qh5 19.Qf4 Rd7 20.e5 Rhd8 21.bxc6 Rd4 22.cxb7+ Kb8
23.Qe3 f5 24.Be2 g5 25.f4  1-0

[Event "Wch U20"]
[Site "Buenos Aires"]
[Date "1992.??.??"]
[Round "?"]
[White "Tratar, Marko"]
[Black "Watanabe, Roberto"]
[Result "0-1"]
[WhiteElo "2290"]
[BlackElo "2380"]

1.d4 d5 2.c4 Nc6 3.Nc3 dxc4 4.d5 Ne5 5.Bf4 Ng6 6.Bg3 e5 7.e4 h5 8.h4 Bd6
9.Bxc4 a6 10.Be2 Nf6 11.Nf3 Bd7 12.Nd2 Nf4 13.Nc4 Qe7 14.Bxf4 exf4 15.Nxd6+ Qxd6
16.Qd2 O-O 17.O-O-O b5 18.Qd4 Rfe8 19.Bf3 b4 20.Ne2 Bb5 21.Rhe1 Rad8 22.Kb1 a5
23.e5 Rxe5 24.Nxf4 Rde8 25.Rxe5 Rxe5 26.b3 a4 27.bxa4 Bxa4 28.Rc1 Bd7 29.Qc5 Bf5+
30.Ka1 Re1 31.Kb2 Qxc5  0-1

[Event "Calimanesti (Women)"]
[Site "Calimanesti"]
[Date "1992.??.??"]
[Round "?"]
[White "Strutinskaya, Galina N"]
[Black "Cosma, Elena Luminita"]
[Result "1/2-1/2"]
[WhiteElo "2265"]
[BlackElo "2250"]

1.d4 d5 2.c4 Nc6 3.e3 e5 4.dxe5 Bb4+ 5.Bd2 Bxd2+ 6.Qxd2 dxc4 7.Qxd8+ Kxd8
8.Nf3 Bg4 9.Nbd2 Nh6 10.Bxc4 Re8 11.Bb5 Bd7 12.Bxc6 Bxc6 13.h3 b6 14.O-O Bb7
15.Rfe1 Re7 16.e4 Ke8 17.Rac1 Rd8 18.Nf1 Ng8 19.Ng3 g6 20.Rc2 Rdd7 21.b3 a6
22.Rec1 Kd8 23.Kf1 h6 24.Re1 Re6 25.Rc4 Rc6 26.Rxc6 Bxc6 27.Rc1 Ne7 28.Ke1 Bb5
29.Ne2 Nc6 30.a3 Re7  1/2-1/2

[Event "JUG-chT"]
[Site "Cetinje"]
[Date "1992.??.??"]
[Round "?"]
[White "Bakic, Rados"]
[Black "Petronijevic, Zoran"]
[Result "1/2-1/2"]
[WhiteElo "2410"]
[BlackElo "2275"]

1.d4 d5 2.c4 Nc6 3.Nc3 e5 4.cxd5 Nxd4 5.e3 Nf5 6.Nf3 Bd6 7.e4 Nfe7 8.Bb5+ Bd7
9.O-O Nf6 10.Bg5 Ng6 11.Bxf6 gxf6 12.Qb3 O-O 13.Bxd7 Qxd7 14.Ne2 f5 15.exf5 Qxf5
16.Qxb7 e4 17.Nfd4 Qe5 18.g3 Rab8 19.Qxa7 Rxb2 20.Rab1 Rxb1 21.Rxb1 Nh4 22.Rb8 Nf3+
23.Kg2 Qh5 24.Rxf8+ Bxf8 25.h3 Qxd5 26.Qa4 Ne1+ 27.Kf1 Nd3 28.Qb3 Qe5 29.Qc2 Bc5
30.Qc4 Qf6 31.f4 exf3 32.Nf4 Nxf4 33.Qxc5 Nd3 34.Qd5 f2 35.Nc2 Ne5 36.Ne3 h5
37.Qa8+ Kg7 38.Qe4 Ng6 39.Nf5+ Kh7 40.Kxf2 Qb2+ 41.Qe2 Qb6+ 42.Qe3 Qf6 43.g4 hxg4
44.hxg4  1/2-1/2

[Event "FRA-chT"]
[Site "?"]
[Date "1992.??.??"]
[Round "?"]
[White "Hebden, Mark"]
[Black "Dubois, Jean Marie"]
[Result "1-0"]
[WhiteElo "2500"]
[BlackElo "2310"]

1.d4 d5 2.c4 Nc6 3.Nc3 Nf6 4.Nf3 dxc4 5.e4 Bg4 6.Be3 e6 7.Bxc4 Be7 8.Rc1 O-O
9.Be2 Bb4 10.Qd3 Bxf3 11.Bxf3 Ne5 12.Qb5 Nxf3+ 13.gxf3 Bxc3+ 14.Rxc3 Ne8
15.Rg1 Qc8 16.Bh6 f5 17.Qxe8 Rxe8 18.Rxg7+ Kh8 19.Rgxc7 Qxc7 20.Rxc7 Rg8
21.Rxb7 fxe4 22.fxe4 Rg4 23.Ke2 Rxe4+ 24.Kf3 Rh4 25.Bg7+ Kg8 26.Be5 Rh6 27.Ke3 a6
28.Rg7+ Kf8 29.Rc7 Ke8 30.b3 Kd8 31.Rb7 Rc8 32.Rb6 Ra8 33.f3 Rg6 34.Rb7 h6
35.Bg3 Rc8 36.Rb6 Rc3+ 37.Ke4 Rf6 38.Rxa6 Rfxf3 39.Ke5 Rce3+ 40.Kd6 Ke8 41.Be5 Kf7
42.Ra7+ Kg8 43.Kxe6 Re2 44.Kd5 Rf5 45.b4 Rxh2 46.Ke6 Rhf2 47.b5 Rf7 48.Rxf7  1-0

[Event "Fuerteventura"]
[Site "Fuerteventura"]
[Date "1992.??.??"]
[Round "?"]
[White "Moskalenko, Viktor"]
[Black "Lezcano Montalvo, Pedro"]
[Result "1-0"]
[WhiteElo "2505"]
[BlackElo "2325"]

1.d4 d5 2.c4 Nc6 3.Nf3 Bg4 4.Nc3 Nf6 5.cxd5 Nxd5 6.e4 Bxf3 7.gxf3 Nxc3 8.bxc3 e5
9.Bb5 exd4 10.Qxd4 Qd6 11.Be3 O-O-O 12.Qxd6 Rxd6 13.f4 g5 14.fxg5 Bg7 15.Rc1 Ne5
16.Ke2 Ng4 17.Bc5 Re6 18.Bd3 Rd8 19.f4 f5 20.e5  1-0

[Event "Bundesliga 9192"]
[Site "Germany"]
[Date "1992.??.??"]
[Round "?"]
[White "Stickler, Andreas"]
[Black "Stern, Rene"]
[Result "1-0"]
[WhiteElo "2255"]
[BlackElo "2360"]

1.d4 d5 2.c4 Nc6 3.Nc3 Nf6 4.Nf3 Bg4 5.cxd5 Nxd5 6.e4 Nxc3 7.bxc3 e5 8.d5 Nb8
9.Qa4+ Nd7 10.Nxe5 Qf6 11.Be2 c6 12.dxc6 Qxe5 13.cxd7+ Bxd7 14.Qd4 Qc7 15.O-O Bd6
16.g3 Be5 17.Qe3 Qxc3 18.Rb1 b6 19.Qxc3 Bxc3 20.Rd1 Rd8 21.Ba3 Bf6 22.Rbc1 Ba4
23.Rxd8+ Bxd8 24.Rc8 h5 25.Ra8 a5 26.Ra7 Rh6 27.Bc4 Rf6 28.Bb2 b5 29.Bxf6 Bxf6
30.Rxa5 bxc4 31.Rxa4 c3 32.Rc4  1-0

[Event "BL2-W9192"]
[Site "Germany"]
[Date "1992.??.??"]
[Round "?"]
[White "Sieglen, Joachim"]
[Black "Hermann, Manfred"]
[Result "0-1"]
[WhiteElo "2340"]
[BlackElo "2405"]

1.d4 d5 2.c4 Nc6 3.Nf3 Bg4 4.cxd5 Bxf3 5.gxf3 Qxd5 6.e3 e5 7.Nc3 Bb4 8.Bd2 Bxc3
9.bxc3 Qd6 10.Rb1 b6 11.Qa4 Ne7 12.dxe5 Qxe5 13.Bb5 Qf6 14.Bxc6+ Nxc6 15.Qe4+ Qe6
16.c4 Qxe4 17.fxe4 Ne5 18.Bc3 Nxc4 19.Bxg7 Rg8 20.Bf6 Rg6 21.e5 Kd7 22.Ke2 Re8
23.Rbd1+ Kc8 24.Rc1 Nxe5 25.Bh4 c5 26.Rhd1 Kc7 27.Bg3 Kc6 28.Rc2 Rd6 29.Rxd6+ Kxd6
30.e4 Kc6 31.Ke3 b5 32.Bxe5 Rxe5 33.f4 Re8 34.e5 c4 35.Ke4 Kc5 36.Rd2 Rc8
37.Rd7 Kb6 38.Rd1 c3 39.f5 Re8 40.Rc1 b4 41.Kd5 Kb5 42.e6 fxe6+ 43.fxe6 a5
44.Re1 Rd8+ 45.Ke5 Kc4 46.e7 Re8 47.Kf6 c2 48.Kf7 Rxe7+ 49.Rxe7 Kc3 50.Rc7+ Kb2
51.h4 c1=Q  0-1

[Event "BL2-W9192"]
[Site "Germany"]
[Date "1992.??.??"]
[Round "?"]
[White "Hoffmann, Michael"]
[Black "Hermann, Manfred"]
[Result "1/2-1/2"]
[WhiteElo "2455"]
[BlackElo "2405"]

1.d4 d5 2.c4 Nc6 3.Nc3 Nf6 4.Nf3 Bg4 5.cxd5 Nxd5 6.e4 Bxf3 7.gxf3 Nxc3 8.bxc3 e5
9.Rb1 Bd6 10.Rg1 exd4 11.cxd4 Qe7 12.Bb5 Kf8 13.Be3 Bxh2 14.Rh1 Bd6 15.Bxc6 bxc6
16.Qa4 Qf6 17.Ke2 Qe6 18.Rhc1 f6 19.Rxc6 Kf7 20.Qc4 Qxc4+ 21.Rxc4 g5 22.Rb5 Rae8
23.Rf5 Kg6 24.Kd3 h5 25.f4 gxf4 26.Bxf4 h4 27.Rc1 Bxf4 28.Rxf4 Re7 29.Rg1+ Kf7
30.Rh1 h3 31.e5 Re6 32.Ke4 c5 33.Rxf6+ Rxf6 34.exf6 Rh4+ 35.Ke5 Rh5+ 36.Ke4 cxd4
37.Kxd4 Kxf6 38.Ke4 h2 39.Kf3 Kf5 40.Kg3  1/2-1/2

[Event "Hamburg-ch"]
[Site "Hamburg"]
[Date "1992.??.??"]
[Round "2"]
[White "Mowsziszian, Karen"]
[Black "Maahs, Erich"]
[Result "1-0"]
[WhiteElo "2440"]
[BlackElo "2265"]

1.d4 d5 2.c4 Nc6 3.e3 e5 4.cxd5 Qxd5 5.Nc3 Bb4 6.Bd2 Bxc3 7.bxc3 exd4 8.cxd4 Nf6
9.Ne2 O-O 10.Nf4 Qd6 11.Bd3 Re8 12.O-O Bg4 13.f3 Bd7 14.Rb1 Rab8 15.Qc2 h6
16.Bc4 a5 17.Qb3 Rf8 18.a4 Bf5 19.Rbd1 b6 20.Bc1 g5 21.Ne2 Qb4 22.e4 Qxb3
23.Bxb3 Bd7 24.d5 Nb4 25.Bb2 Nh5 26.g4 Ng7 27.Be5 Rb7 28.Nd4 Re8 29.Bg3 c5
30.dxc6 Nxc6 31.Bd5 Rc8 32.Nxc6 Bxc6 33.Rc1  1-0

[Event "Hamburg op"]
[Site "Hamburg"]
[Date "1992.??.??"]
[Round "9"]
[White "Steckner, Johannes"]
[Black "Maahs, Erich"]
[Result "0-1"]
[WhiteElo "2305"]
[BlackElo "2275"]

1.d4 d5 2.c4 Nc6 3.Nf3 e5 4.dxe5 d4 5.g3 Bg4 6.Bg2 Qd7 7.O-O Nge7 8.Qa4 Ng6
9.Rd1 Bxf3 10.exf3 O-O-O 11.f4 Bc5 12.Nc3 Kb8 13.Bxc6 Qxc6 14.Qxc6 bxc6 15.Ne4 Be7
16.c5 f6 17.exf6 gxf6 18.f5 Ne5 19.Bf4 Rd5 20.b4 Rhd8 21.Bxe5 Rxe5 22.f3 Rxf5
23.Rd3 Rfd5 24.g4 f5 25.gxf5 Rxf5 26.Kf2 Bg5 27.Nxg5 Rxg5 28.Rad1 Rgd5 29.f4 Kb7
30.Ke2 a5 31.a3 axb4 32.axb4 Ka6 33.Rb3 Kb5 34.Kd3 Re8 35.Rb2 Re3+ 36.Kd2 Rf3  0-1